Normal view MARC view
  • Soria López, Trinidad N.

Entry Nombre Personal

Number of records used in: 1

001 - NUMERO DE CONTROL

  • campo de control: 46769

003 - IDENTIFICADOR DE NUMERO DE CONTROL

  • campo de control: UPN

005 - FECHA Y HORA DE LA ÜLTIMA TRANSACCIÓN

  • campo de control: 20220926165500.0

008 - DATOS DE LONGITUD FIJA

  • campo de control de longitud fija: 220926|||az|nnaaan a aba d

040 ## - FUENTE DE CATALOGACIÓN

  • Agencia original de catalogación: MX-MxUPN
  • Lenguaje de catalogación: spa
  • Description conventions: rda

100 1# - ENCABEZAMIENTO - NOMBRE PERSONAL

  • Nombre personal: Soria López, Trinidad N.

400 1# - VEÁSE - NOMBRE DE PERSONA

  • Personal name: Soria López, Trinidad Nieves

670 ## - FUENTE EN LA QUE SE LOCALIZARON DATOS

  • Cita de la fuente: Guía de prevención de la violencia de género, 2020:
  • Información localizada: portada (Trinidad N. Soria López) página 12 (Trinidad N. Soria López, psicóloga especialista en psicología clínica y en psicoterapia...coordinadora técnica del Punto Municipal del Observatorio Regional de la Violencia de Género de Las Rozas (Madrid)).

670 ## - FUENTE EN LA QUE SE LOCALIZARON DATOS

  • Cita de la fuente: Ciclo formativo en violencia de género y salud, 26 septiembre 2022:
  • Información localizada: (Trinidad Nieves Soria López)
  • Uniform Resource Identifier: http://www.aecid.org.py/wp-content/uploads/2021/03/Temario-Preliminar-Prevenci%C3%B3n-VG.pdf

902 ## - CATALOGADOR

  • Catalogador: VAGG/260922